| 000 | 00910nam a22002897a 4500 | ||
|---|---|---|---|
| 001 | 0074 | ||
| 003 | DO-SdBNP | ||
| 005 | 20161019131220.0 | ||
| 007 | 0074 | ||
| 008 | 151015b sp 1983 xxu||||| |||| 00| 0 spa d | ||
| 020 | _a8426107745 | ||
| 040 |
_aBPMSU _bspa _cBPMSU |
||
| 092 |
_axxxxxxx _bxxxxxxx |
||
| 100 | 1 | 0 |
_aBlyton, Enid _d1897-1968 |
| 240 | 1 | 0 | _aFive go adventuring again / |
| 245 | 1 | 0 |
_aOtra aventura de los cincos / _cEnid Blyton ; traducción Juan Ríos de la Rosa ; ilustración José Correas |
| 250 | _a12a ed. | ||
| 260 |
_aBarcelona, España : _bJuventud, _c1983 |
||
| 300 |
_a160 p. : _bil., _c20 cm. |
||
| 490 | 0 |
_aLos libros de Enid Blyton _v23 |
|
| 700 | 1 | 0 |
_aRíos de la Rosa, Juan _etr. |
| 700 | 1 | 0 |
_aCorreas, José, _eil. |
| 830 | 0 |
_aLos libros de Enid Blyton _n23 |
|
| 942 |
_2ddc _cBK |
||
| 956 | _aBrenda Tavárez | ||
| 956 |
_aYngrid Lockward _2YLOCKWARD _310 _c20161019 _8BPMSU |
||
| 999 |
_c8386 _d8386 |
||